MARC details
| 000 -CABECERA |
| campo de control de longitud fija |
00846nam a2200229 a 4500 |
| 001 - NÚMERO DE CONTROL |
| campo de control |
000007264 |
| 005 - FECHA Y HORA DE LA ÚLTIMA TRANSACCIÓN |
| campo de control |
20200929154120.0 |
| 008 - DATOS DE LONGITUD FIJA--INFORMACIÓN GENERAL |
| campo de control de longitud fija |
090907s2006 dr ac 000 0 spa d |
| 020 ## - NÚMERO INTERNACIONAL ESTÁNDAR DEL LIBRO |
| Número Internacional Estándar del Libro |
9945140094 |
| 040 ## - FUENTE DE LA CATALOGACIÓN |
| Centro catalogador/agencia de origen |
DO-SdBNP |
| Lengua de catalogación |
spa |
| Centro/agencia transcriptor |
BNPHU |
| 082 ## - NÚMERO DE LA CLASIFICACIÓN DECIMAL DEWEY |
| Número de clasificación |
920.5 |
| Número de documento/Ítem |
T693m |
| 100 1# - ENTRADA PRINCIPAL--NOMBRE DE PERSONA |
| Nombre de persona |
Torres Reynoso, Ruben A., |
| Fechas asociadas al nombre |
, |
| 9 (RLIN) |
20154 |
| 245 10 - MENCIÓN DE TÍTULO |
| Título |
Memorias de los contadores dominicanos / |
| Mención de responsabilidad, etc. |
Ruben A. Torres Reynoso ; prólogo Enrique Vidal Vidal. |
| 260 ## - PUBLICACIÓN, DISTRIBUCIÓN, ETC. |
| Lugar de publicación, distribución, etc. |
Santo Domingo : |
| Nombre del editor, distribuidor, etc. |
Semper Veritate Fidelli, |
| Fecha de publicación, distribución, etc. |
2006. |
| 300 ## - DESCRIPCIÓN FÍSICA |
| Extensión |
305 p. : |
| Otras características físicas |
il., retrs. ; |
| Dimensiones |
22 cm. |
| 504 ## - NOTA DE BIBLIOGRAFÍA, ETC. |
| Nota de bibliografía, etc. |
Bibliografía : p. 303-304 |
| 650 #4 - PUNTO DE ACCESO ADICIONAL DE MATERIA--TÉRMINO DE MATERIA |
| Término de materia o nombre geográfico como elemento de entrada |
Contadores |
| Subdivisión geográfica |
República Dominicana |
| Subdivisión general |
Biografía |
| 9 (RLIN) |
20155 |
| 650 #4 - PUNTO DE ACCESO ADICIONAL DE MATERIA--TÉRMINO DE MATERIA |
| Término de materia o nombre geográfico como elemento de entrada |
Contabilidad |
| Subdivisión general |
Enseñanza |
| 9 (RLIN) |
20156 |
| 650 #4 - PUNTO DE ACCESO ADICIONAL DE MATERIA--TÉRMINO DE MATERIA |
| Término de materia o nombre geográfico como elemento de entrada |
Contabilidad |
| Subdivisión general |
Legislación |
| 9 (RLIN) |
20157 |
| 700 1# - PUNTO DE ACCESO ADICIONAL--NOMBRE DE PERSONA |
| Nombre de persona |
Vidal Vidal, Enrique, |
| Término indicativo de función/relación |
pról. |
| 9 (RLIN) |
20158 |
| 910 ## - DATOS DE OPCIÓN DEL USUARIO (OCLC) |
| Datos de opción del usuario |
Validado. Control de calidad. MMOLINA |